Saber hacer : biología 3 es /
Guardado en:
| Autor Principal: | |
|---|---|
| Otros Autores: | , , |
| Formato: | Libro |
| Publicado: |
Buenos Aires :
Estrada,
2010
|
| Series: | Confluencias
|
| Materias: | |
| Etiquetas: |
Agregar Etiqueta
Sin Etiquetas, Sea el primero en etiquetar este registro!
|
| LEADER | 01358nam a22002655a 4500 | ||
|---|---|---|---|
| 001 | CEM.cems013495 | ||
| 005 | 20110303100501.0 | ||
| 008 | 130507s2010##################000#0#####d | ||
| 003 | CEMS | ||
| 020 | |a 9789500112437 | ||
| 082 | 0 | 4 | |a Z574 |
| 100 | 1 | |a Calderón Fernández, Gustavo M. | |
| 245 | 1 | 0 | |a Saber hacer : |b biología 3 es / |c Gustavo M. Calderón Fernández ... [et Al.] |
| 260 | |a Buenos Aires : |b Estrada, |c 2010 | ||
| 300 | |a 32 p. | ||
| 490 | 0 | |a Confluencias | |
| 500 | |a Cuaderno de procedimientos | ||
| 505 | 0 | |a El comportamiento de los polinizadores -- Estudio del daltonismo en los seres humanos -- Análisis de la función enzimática -- Fichado bibliográfico y acceso a fuentes -- Análisis de los circuitos de retroalimentación -- Estudio del encéfalo y realización de dibujos -- Amplificación de un fragmento de ADN -- Simulación del proceso de selección natural -- La monografía -- Toma de apuntes -- Diarios de aprendizaje -- Ensayos -- La noción de error en las ciencias -- Construcción de imágenes -- Historia de la ciencia -- Grupos focales | |
| 653 | |a Biología | ||
| 653 | |a Biología-actividades | ||
| 653 | |a Biología-3 esb | ||
| 700 | 1 | |a Majas, Fernando | |
| 700 | 1 | |a Martínez Filomeno, María Sandra | |
| 700 | 1 | |a Ramón Mercau, Ma. Josefina | |
| 859 | |a CEMS |b BIB. CEMS - 11 de abril |h Z574 |i C127-1 |p 26121.11 |t Ej.1 |v 3 |3 3 | ||
